| 000 | 00381pab a2200157 454500 | ||
|---|---|---|---|
| 008 | 180718b1998 xxu||||| |||| 00| 0 eng d | ||
| 100 | _aSingh, Raj | ||
| 245 | _aProblems and prospects of new panchayati raj institutions | ||
| 260 | _c1998 | ||
| 300 | _ap.5-7 | ||
| 362 | _aNov | ||
| 650 | _aPanchayat - India | ||
| 650 | _aPanchayat | ||
| 773 | _aKurukshetra | ||
| 909 | _a39579 | ||
| 999 |
_c39579 _d39579 |
||